01242nam a22003017a 4500001000700000003000900007005001700016007000700033008003600040040002200076092001700098100003200115245016000147250001200307260005300319300002400372500006100396700002400457700002700481700002300508910001000531942001200541952011500553952011500668952011600783956002400899999001700923000690DO-SdBNP20160919145047.0000690151217b 1972 sp a 00| 0 spa d aBPMSUbspacBPMSU axxxxxbxxxxx1 aHostench Ribe, Concepción10aInglés en casa benseñanza programada /cConcepción Hostench Ribe ; profesores de dicción Noel Martin, Thomas Burgess ; ilustración Carlos Vidal  a3a. ed. aBarcelona : bInstituto Parramón, c1972-1973. av. : bil.c27 cm.  aLa biblioteca solamente posee los volúmenes 3, 4 y 12-12aMartin, Noeleprof.12aBurgess, Thomaseprof.12aVidal, Carloseil. a00260 2ddccBK 00102ddc40708GENaBPMETbBPMETd2016-09-19eSin sellarl0pBPMSU16090419r2016-09-19tv. 3w2016-09-19yBK 00102ddc40708GENaBPMETbBPMETd2016-09-19eSin sellarl0pBPMSU16090420r2016-09-19tv. 4w2016-09-19yBK 00102ddc40708GENaBPMETbBPMETd2016-09-19eSin sellarl0pBPMSU16090421r2016-09-19tv. 12w2016-09-19yBK aYngrid Lockwardb10 c11456d11456